Estatísticas para Desenhe as Fronteiras Estaduais e Internacionais do Brasil - EXTREMO

Clique aqui para jogar o quiz

Estatísticas Gerais

  • Esse quiz foi jogado 113 vezes
  • A pontuação média é 34 de 89

Respostas no mapa

Respostas codificadas por cores de uma escala verde-vermelha no mapa do quiz de acordo com a % correta abaixo.
 

Estatísticas das Respostas

Fronteira% Correto
Acre-Amazonas
77%
Amazonas-Pará
71%
Paraná-Santa Catarina
71%
Amazonas-Roraima
69%
Amazonas-Roraima
69%
Rio Grande do Sul-Santa Catarina
68%
Rio de Janeiro-São Paulo
67%
Amazonas-Rondônia
66%
Paraná-São Paulo
66%
Mato Grosso-Mato Grosso do Sul
64%
Minas Gerais-São Paulo
64%
Amapá-Pará
62%
Amazonas-Mato Grosso
62%
Bahia-Minas Gerais
62%
Bahia-Tocantins
62%
Espírito Santo-Rio de Janeiro
62%
Goiás-Mato Grosso
62%
Mato Grosso do Sul-Paraná
62%
Pará-Tocantins
62%
Bahia-Pernambuco
61%
Ceará-Pernambuco
61%
Ceará-Rio Grande do Norte
61%
Goiás-Minas Gerais
61%
Goiás-Tocantins
61%
Minas Gerais-Rio de Janeiro
61%
Alagoas-Sergipe
60%
Bahia-Sergipe
60%
Ceará-Paraíba
60%
Ceará-Piauí
60%
Espírito Santo-Minas Gerais
60%
Goiás-Mato Grosso do Sul
60%
Maranhão-Pará
60%
Maranhão-Piauí
60%
Maranhão-Tocantins
60%
Mato Grosso-Tocantins
60%
Paraíba-Pernambuco
60%
Bahia-Goiás
59%
Mato Grosso do Sul-São Paulo
59%
Mato Grosso-Pará
59%
Mato Grosso-Rondônia
59%
Paraíba-Rio Grande do Norte
59%
Pernambuco-Piauí
59%
Bahia-Piauí
58%
Bahia-Espírito Santo
57%
Alagoas-Bahia
56%
Alagoas-Pernambuco
56%
Pará-Roraima
56%
Acre-Rondônia
54%
Distrito Federal-Goiás
51%
Mato Grosso do Sul-Minas Gerais
49%
Piauí-Tocantins
37%
Corrientes-Rio Grande do Sul
17%
Guiana Francesa-Amapá
17%
Misiones-Paraná
17%
Amazonas-Amazonas
16%
Amazonas-Amazonas
16%
Misiones-Rio Grande do Sul
16%
Misiones-Santa Catarina
16%
Santa Cruz-Mato Grosso
14%
Santa Cruz-Mato Grosso do Sul
12%
Santa Cruz-Rondônia
10%
Artigas-Rio Grande do Sul
9%
Beni-Rondônia
9%
Bolívar-Roraima
9%
Guainía-Amazonas
9%
Loreto-Amazonas
9%
Vaupés-Amazonas
9%
Alto Paraguay-Mato Grosso do Sul
8%
Loreto-Acre
8%
Madre de Dios-Acre
8%
Pando-Acre
8%
Pando-Rondônia
8%
Rivera-Rio Grande do Sul
8%
Sipaliwini-Pará
8%
Ucayali-Acre
8%
Alto Paraná-Paraná
7%
Amambay-Mato Grosso do Sul
7%
Canindeyú-Mato Grosso do Sul
7%
Canindeyú-Paraná
7%
Cerro Largo-Rio Grande do Sul
7%
Concepción-Mato Grosso do Sul
7%
Potaro-Siparuni-Roraima
7%
Rocha-Rio Grande do Sul
6%
Sipaliwini-Amapá
6%
Treinta y Tres-Rio Grande do Sul
6%
Mahaica-Berbice-Pará
2%
Upper Demerara-Berbice-Pará
2%
Upper Demerara-Berbice-Roraima
2%
Pomeroon-Supenaam-Roraima
0%

Distribuição das Pontuações

Percentil de Números Respondidos

Porcentagem de Pessoas com Cada Pontuação

Sua Pontuação Histórica

Você não jogou esse quiz